Le droit latin et les cités romaines sous l' Empire

Gorde:
Xehetasun bibliografikoak
Egile nagusia: Saumagne, Charles (Egilea)
Formatua: Liburua
Hizkuntza:frantsesa
Argitaratua: París Sirey 1965
Saila:Publications de l'Institut de Droit Romain de l'Université de Paris, 22
Gaiak:
Etiketak: Etiketa erantsi
Etiketarik gabe, Izan zaitez lehena erregistro honi etiketa jartzen!

MARC

LEADER 00000nam a2200000 a 4500
001 UCR0330
003 CL-VaPUC
008 971129e19650000FR |||||||||||||||||fre|d
082 0 4 |a 340.56  |b SAU  |2 21 
100 0 |a Saumagne, Charles  |e author  |9 395862 
245 1 3 |a Le droit latin et les cités romaines sous l' Empire 
300 |a 133 p 
942 |c BK 
945 |d 19971129 00:00:00  |a aolguin 
260 |a París  |b Sirey  |c 1965 
650 0 |a Derecho romano  |9 255930 
650 0 |a Ciudadanía  |9 258339 
650 0 |a Imperialismo  |9 258264 
651 7 |a GALES  |2 CL-VaPUC  |9 332729 
651 0 |a España  |9 254926 
583 |a last modification  |c 20161026 06:56:06  |k Rodrigo Vera 
490 0 |a Publications de l'Institut de Droit Romain de l'Université de Paris, 22 
999 |c 263874  |d 263872 
952 |0 0  |1 0  |4 0  |6 340_560000000000000_SAU_1965  |7 0  |8 DER_ROM  |9 293359  |a BIBDER  |b BIBDER  |d 2019-11-19  |i 1898744  |o 340.56 SAU 1965  |p 1898744  |r 2023-01-25  |w 2019-11-19  |x Ubicación 4to piso  |y BK  |z Este recurso debe solicitarse con anticipación  |k DER